000 01082nam a2200313 a 4500
008
020 _a9780128124543 (paperback)
040 _aNUST
_cNUST
049 _aMAIN
090 _aTK7871.75
_bHIG
245 1 0 _aHigh power impulse magnetron sputtering :
_bfundamentals, technologies, challenges and applications/
_cedited by Daniel Lundin ; Tiberiu Minea & Jon Tomas Gudmundsson.
260 _aAmsterdam :
_bElsevier,
_c2020.
300 _axiv, 384 pages :
_billustrations ;
_c23 cm.
336 _atext
_btxt
_2rdacontent
337 _aunmediated
_bn
_2rdamedia
338 _avolume
_bnc
_2rdacarrier
500 _aIncludes index.
504 _aIncludes bibliographical references.
650 1 _aMagnetron sputtering.
650 _aMaterials science.
650 _aThin films.
700 _aLundin, Daniel.,
_aeditor.
700 _aMinea, Tiberiu.,
_aeditor.
700 _aGudmundsson, Tomas.,
_aeditor.
907 _a.b1040448x
_b10-06-21
_c10-06-21
003
005 20230123141202.0
942 _cBOOKS
_kTK7871.75
_mHIG
999 _c169142
_d169142